00452pab a2200157 454500008004000000100002200040245007300062260000900135300001100144362001100155650002300166650003900189650002800228700002300256773001500279180718b2012 xxu||||| |||| 00| 0 eng d aRather, Tareak A. aOf Gilani's exit and the culture of Pakistan's political instability c2012 ap.7-9. a14 Jul aGilani, Yosuf Raza aPakistan - Politics and government aPolitics and government aShah, Adfar Rashid aMainstream